• 首页
  • 本馆介绍
  • 公告通知
  • 最新文献
  • 馆藏检索
  • 电子资源
  • 读者导购
  • 参考咨询
  • 我的图书馆
  • 登录
  • 详细信息显示
  • 放入我的书架
  • 预约/预借图书
  • 作者相关作品
  • 分类相关作品
  • 丛书相关作品
  • 出版社相关作品

书目信息

  • 表格格式
  • 工作单格式
  • 卡片格式
题名:
野果
    
 
作者: 索罗 著 ;梁枫 译
分册:  
出版信息: 北京   文化发展出版社  2018
页数: 289页
开本: 24cm
丛书名:
单 册:
中图分类: I712.64
科图分类:
主题词: 散文集--san wen ji--美国--近代
电子资源:
ISBN: 978-7-5142-2019-3
000 01456nam0 2200301 450
001 012001008502
005 20131023085620.0
010    @a978-7-5142-2019-3@b精装@dCNY88.00
099    @aCAL 012018185480
100    @a20181023d2018 em y0chiy50 ea
101 1  @achi@ceng
102    @aCN@b110000
105    @aa z 000cy
106    @ar
200 1  @a野果@Aye guo@f(美) 亨利·梭罗著@d=Wild fruits@fHenry D. Thoreau@g梁枫译@zeng
210    @a北京@c文化发展出版社@d2018
215    @a289页@c图@d24cm
300    @a插图本
314    @a责任者Thoreau规范汉译姓: 索罗
330    @a本书是梭罗在人生最后十余年中, 观察故乡康科德镇乡村田野间多种植物的笔记。梭罗结束《瓦尔登湖》中的隐居生活, 随着四季轮转, 寻找、观察、品尝着新英格兰大地上众多知名与不知名的野果, 用自己笔记录它们的出现、繁盛、姿态、分布和与环境、虫鸟之间的关系, 当然还有人类对它们的观感与利用。梭罗化身田野调查者与植物学家, 回顾大地上种种果实的来历, 讲述它们与人类互动的故事, 有偏爱而无遗漏。梭罗相信所有果实都是独一无二的, 人能从大地得到的快乐要比从课堂和金钱中得到的多得多。从果实到阳光、风和树林, 从定期泛滥的河流到种子在大地上的传播, 梭罗用一贯的自然之眼, 观照着人们的生活。
333    @a文学爱好者
500 10 @aWild fruits@mChinese
606 0  @a散文集@Asan wen ji@y美国@z近代
690    @aI712.64@v5
701  1 @a索罗@Asuo luo@g(Thoreau, Henry David),@f1817-1862@4著
702  0 @a梁枫@Aliang feng@4译
801  0 @aCN@b上海新华@c20191020
905    @b1180991-4@dI712.64@e1225@f4
    
    野果/(美) 亨利·梭罗著=Wild fruits/Henry D. Thoreau/梁枫译.-北京:文化发展出版社,2018
    289页:图;24cm
    插图本.-使用对象:文学爱好者
    
    ISBN 978-7-5142-2019-3(精装):CNY88.00
    本书是梭罗在人生最后十余年中, 观察故乡康科德镇乡村田野间多种植物的笔记。梭罗结束《瓦尔登湖》中的隐居生活, 随着四季轮转, 寻找、观察、品尝着新英格兰大地上众多知名与不知名的野果, 用自己笔记录它们的出现、繁盛、姿态、分布和与环境、虫鸟之间的关系, 当然还有人类对它们的观感与利用。梭罗化身田野调查者与植物学家, 回顾大地上种种果实的来历, 讲述它们与人类互动的故事, 有偏爱而无遗漏。梭罗相信所有果实都是独一无二的, 人能从大地得到的快乐要比从课堂和金钱中得到的多得多。从果实到阳光、风和树林, 从定期泛滥的河流到种子在大地上的传播, 梭罗用一贯的自然之眼, 观照着人们的生活。
●
相关链接 在E读中查询图书 在五车中查询图书 在当当中查询图书 在豆瓣中查询图书


正题名:野果     索取号:I712.64/1225         预约/预借

序号 登录号 条形码 馆藏地/架位号 状态 备注
1 1180991   211809916   第一样本阅览室/ [索取号:I712.64/1225] 在馆    
2 1180992   211809925   第二借阅区/ [索取号:I712.64/1225] 在馆    
3 1180993   211809934   第二借阅区/ [索取号:I712.64/1225] 在馆    
4 1180994   211809943   第二借阅区/ [索取号:I712.64/1225] 在馆    
唐山师范学院图书馆 欢迎您!
大连网信软件有限公司© 版权所有